000 04835cam a22018134i 4500
003 PE-LiUPU
005 20250813165750.0
008 150706s2008 sp a rb 000 0 spa d
020 _a842342667X
020 _a9788423426676
035 _a(Sirsi) i9788423426676
040 _aPE-LiUPU
_bspa
_cPE-LiUPU
_dPE-LiUPU
_erda
049 _aPRUA
082 0 4 _a658.8342
_bF76
_221
100 1 _aFornell, Claes,
_eautor.
245 1 3 _aEl cliente satisfecho :
_bestrategias cuantitativas y cualitativas para fidelizar al consumidor /
_cClaes Fornell.
264 1 _aBarcelona :
_bDeusto,
_c2008.
300 _a238 páginas :
_bilustraciones ;
_c23 centímetros
336 _atext
_2rdacontent
337 _aunmediated
_2rdamedia
338 _avolume
_2rdacarrier
500 _aTraducción de: The satisfied customer.
504 _aIncluye notas bibliográficas.
505 0 _aLista de figuras y tablas -- Camino a casa -- Tsunami económico -- El comienzo. ¿Qué es bueno, qué es malo? -- Doble golpe para Dell -- Nuevas reglas -- La idea general -- Cómo ganar dinero -- Riesgo de lo obvio -- ¿Por qué el tiempo pasa más rápidamente ahora? -- Productividad: no siempre para bien -- Los clientes como activo económico -- La ciencia de la satisfacción del cliente -- Cuando es importante la satisfacción del cliente y cuándo no -- Satisfacción del cliente y rentabilidad bursátil: la fuerza de lo obvio -- Las cosas no son siempre lo que parecen: perjudicar sin querer el activo que es el cliente -- Gestión del activo del cliente: ofensa versus defensa -- Poner los números a trabajar.
526 _aP203
526 _aP200
526 _aSEG65
526 _aSEG64
526 _aSEG63
526 _aSEG62
526 _aSEG61
526 _aSEG60
526 _aSEG59
526 _aSEG58
526 _aSEG57
526 _aSEG56
526 _aSEG55
526 _aSEG54
526 _aSEG53
526 _aSEG52
526 _aSEG51
526 _aSEG50
526 _aSEG49
526 _aSEG48
526 _aSEG47
526 _aSEG46
526 _aSEG24
526 _aSEG23
526 _aSEG22
526 _aSEG21
526 _aSEG20
526 _aSEG19
526 _aSEG18
526 _aSEG17
526 _aSEG16
526 _aSEG14
526 _aSEG13
526 _aSEG12
526 _aSEG11
526 _aSEG10
526 _aSEG09
526 _aSEG06
526 _aSEG05
526 _aSEG04
526 _aSEG03
526 _aSEG02
526 _aSEG68
526 _aSEG66
526 _aSEG45
526 _aSEG25
526 _aSEG01
526 _aP163
526 _aP162
526 _aP161
526 _aP160
526 _aP159
526 _aP158
526 _aP157
526 _aP156
526 _aP155
526 _aP154
526 _aP153
526 _aP152
526 _aP151
526 _aP150
526 _aP149
526 _aP142
526 _aP141
526 _aP140
526 _aP139
526 _aP138
526 _aP137
526 _aP132
526 _aP131
526 _aP130
526 _aP126
526 _aP125
526 _aP124
526 _aP123
526 _aP115
526 _aP122
526 _aP121
526 _aP116
526 _a P114
526 _aP112
526 _aP111
526 _aP104
526 _aP103
526 _aP102
526 _aP101
526 _aP100
526 _aP96
526 _aP95
526 _aP93
526 _aP92
526 _aP91
526 _aP88
526 _aP83
526 _aP82
526 _aP79
526 _aP78
526 _aP75
526 _aP74
526 _aP71
526 _aP69
526 _a P51
526 _aP49
526 _aP48
526 _aP47
526 _aP33
526 _aP31
526 _a P30
526 _aP29
526 _aP27
526 _aP26
526 _aP25
526 _aP24
526 _a P22
526 _aP10
526 _aP09
526 _a P08
526 _aP06
526 _aP05
526 _aP04
526 _aP01
541 _g007-0813156;
650 0 4 _aSatisfacción del cliente.
910 _agl
_bjv
_clch
_d20091116
942 _2ddc
_cBOOK
949 _a658.8342 F76
_wDEWEY
_c1
_i60554
_d2016-6-2
_e2016-5-26
_lCCODEBUL1
_mBUL
_n1
_p38.00
_r0
_sY
_tBOOK
_u2015-7-6
_xFCE
_PP27
_0COMPRA
_o.STAFF. Colección Ciencias Empresariales
994 _aC0
_bPEPRU
596 _a1
999 _a658.8342 F76
_wDEWEY
_c49973
_i60554
_d49973
_e2018-3-15
_f2021-11-8
_g6
_lCCODEBUL1
_mBUL
_n3
_p38.00
_q4
_r0
_sY
_tBOOK
_u2015-7-6
_xFCE
_PP04
_0COMPRA
_o.STAFF. Colección Ciencias Empresariales
980 _81
_gALBERTO SANCHEZ Responsable de Automatización